3. Liga 2023/24 - Statistics

General Stats
  • This quiz has been taken 65 times
  • The average score is 11 of 20
Answer Stats
Standings Team W D L GF GA Pts % Correct
4th Dynamo Dresden 19 5 14 58 40 62
81%
Champions Ulm 23 8 7 65 38 77
75%
2nd Preuben Munster 19 10 9 68 49 67
74%
5th Saarbrucken 15 15 8 60 43 60
70%
11th Dortmund 2 14 12 12 58 53 54
66%
7th Essen 17 8 13 60 53 59
66%
13th Viktoria Koln 13 10 15 59 65 49
64%
3rd Jahn Regensburg 17 12 9 51 42 63
62%
18th MSV Duisburg 8 10 20 41 65 34
60%
16th SV Waldhof 11 10 17 51 60 43
60%
20th Freiburg 2 8 6 24 37 64 30
55%
6th Erzgebirge Aue 16 12 10 51 47 60
53%
12th Verl 14 11 13 59 56 53
53%
10th Ingolstadt 14 12 12 65 51 54
49%
9th Unterhaching 16 7 15 50 49 55
49%
8th SV Sandhausen 15 11 12 58 57 56
45%
14th Arminia 11 13 14 48 47 46
43%
19th VFB Lubeck 6 14 18 37 77 32
42%
17th Hallescher 11 7 20 50 68 40
38%
15th 1860 Munich 13 7 18 40 42 46
26%
No matching quizzes found
Score Distribution
Percent of People with Each Score
Percentile by Number Answered
Your Score History
You have not taken this quiz